[Event "European Rapid Championship 2021"]
[Site "Katowice"]
[Date "2021.12.18"]
[Round "2.10"]
[White "Donchenko, Alexander"]
[Black "Kolesnikovs, Ivans"]
[Result "1-0"]
[WhiteElo "2535"]
[BlackElo "1962"]
[Annotator "TA"]
[PlyCount "59"]
[EventDate "2021.12.18"]
[EventType "swiss"]
[EventCountry "POL"]
[SourceTitle "playchess.com"]
[Source "ChessBase"]
[SourceQuality "1"]

{[%evp 15,59,0,114,116,141,146,162,150,128,129,139,114,293,276,324,361,376,352,
328,242,361,282,348,327,402,396,736,472,502,361,443,443,443,436,459,459,482,
483,475,475,481,474,531,365,956,378]} 1. Nf3 d5 2. g3 Nf6 3. Bg2 e6 4. O-O Be7
5. c4 O-O 6. d4 dxc4 7. Qc2 b5 8. a4 c6 (8... b4 $11) 9. axb5 $16 {E05: Open
Catalan: 5 Nf3 Be7.} cxb5 10. Ng5 h6 {[%cal Oh6g5]} 11. Bxa8 {White is clearly
better.} hxg5 12. Bxg5 Qxd4 13. Be3 Qg4 {[#] This move loses the game for
Black.} (13... Qd8 $16) 14. Rxa7 $18 Nbd7 {[#]} 15. Rd1 $146 {To avoid Nd5} ({
Predecessor:} 15. Nc3 Qh5 16. f3 Bd6 17. Bf2 Bb8 18. Ra5 Ne5 19. Kg2 Bc7 20.
Raa1 b4 21. Nd1 {1-0 (35) Wichmann,C (2419)-Jahrsdoerfer,G (2176) Bad
Koenigshofen 2007}) 15... Bc5 16. Bxc5 Nxc5 17. Nc3 e5 (17... Bd7 {was called
for.} 18. f4 Rc8) 18. Nd5 Nxd5 19. Bxd5 Bf5 20. Qd2 {[%cal Od5f7] [#] Black
must now prevent Bxf7+!} Nb3 $2 (20... Qg6 21. Qe3 Ne4) 21. Qe3 {[%cal Od5f7]
Bxf7+! is the strong threat.} Nd4 22. Bf3 Qg6 23. Qxe5 Nxf3+ 24. exf3 Bd3 25.
Qxb5 Be2 26. Re1 Bxf3 27. Qxc4 Qh5 28. Ra3 Bd5 29. Ra5 Rd8 (29... Qxh2+ 30.
Kxh2 Bxc4) 30. Qh4 $2 {Weighted Error Value: White=0.46/Black=0.60} (30. Qc7
Qg5 31. Rd1) 1-0

[Event "European Rapid Championship 2021"]
[Site "Katowice"]
[Date "2021.12.18"]
[Round "2.10"]
[White "Mirski, Michal"]
[Black "Kyc, Jerzy"]
[Result "0-1"]
[WhiteElo "1852"]
[BlackElo "2308"]
[Annotator "ChessBase"]
[PlyCount "102"]
[EventDate "2021.12.18"]
[EventType "swiss"]
[EventCountry "POL"]
[SourceTitle "playchess.com"]
[Source "ChessBase"]
[SourceQuality "1"]
[TimeControl "900+10"]

1. e4 {[%emt 0:00:02]} c5 {[%emt 0:00:06]} 2. Nf3 {[%emt 0:00:02]} d6 {[%emt 0:
00:01]} 3. d4 {[%emt 0:00:02]} cxd4 {[%emt 0:00:01]} 4. Nxd4 {[%emt 0:00:01]}
Nf6 {[%emt 0:00:01]} 5. Nc3 {[%emt 0:00:02]} a6 {[%emt 0:00:01]} 6. g3 {
[%emt 0:00:01]} e5 {[%emt 0:00:01]} 7. Nde2 {[%emt 0:00:01]} Be7 {[%emt 0:00:
01]} 8. Bg2 {[%emt 0:00:01]} O-O {[%emt 0:00:01]} 9. O-O {[%emt 0:00:02]} b5 {
[%emt 0:00:02]} 10. h3 {[%emt 0:00:05]} Bb7 {[%emt 0:00:02]} 11. Be3 {[%emt 0:
00:02]} Nbd7 {[%emt 0:00:05]} 12. a4 {[%emt 0:00:07]} b4 {[%emt 0:00:04]} 13.
Nd5 {[%emt 0:00:01]} Nxd5 {[%emt 0:00:03]} 14. exd5 {[%emt 0:00:02]} f5 {
[%emt 0:00:20]} 15. Qd2 {[%emt 0:01:05]} a5 {[%emt 0:00:06]} 16. f4 {[%emt 0:
00:03]} Bf6 {[%emt 0:03:40]} 17. c3 {[%emt 0:00:15]} bxc3 {[%emt 0:00:16]} 18.
Nxc3 {[%emt 0:00:03]} e4 {[%emt 0:00:24]} 19. g4 {[%emt 0:03:11]} g6 {[%emt 0:
00:05]} 20. g5 {[%emt 0:00:01]} Bg7 {[%emt 0:00:07]} 21. Bd4 {[%emt 0:00:16]}
Bxd4+ {[%emt 0:00:04]} 22. Qxd4 {[%emt 0:00:02]} Qb6 {[%emt 0:00:05]} 23. Qxb6
{[%emt 0:01:15]} Nxb6 {[%emt 0:00:01]} 24. Rfd1 {[%emt 0:00:06]} Rac8 {[%emt 0:
00:18]} 25. Rd4 {[%emt 0:00:20]} Kf7 {[%emt 0:01:39]} 26. Bf1 {[%emt 0:00:06]}
Ke7 {[%emt 0:00:11]} 27. Bb5 {[%emt 0:00:29]} Rc5 {[%emt 0:00:38]} 28. Rad1 {
[%emt 0:00:55]} h6 {[%emt 0:01:57]} 29. h4 {[%emt 0:01:20]} hxg5 {[%emt 0:00:
02]} 30. hxg5 {[%emt 0:00:00]} Rh8 {[%emt 0:00:27]} 31. Bc6 {[%emt 0:04:02]}
Bxc6 {[%emt 0:00:17]} 32. dxc6 {[%emt 0:00:02]} Rxc6 {[%emt 0:00:02]} 33. Nb5 {
[%emt 0:00:08]} Rd8 {[%emt 0:00:49]} 34. b3 {[%emt 0:00:33]} d5 {[%emt 0:00:12]
} 35. Kf2 {[%emt 0:00:07]} Rc2+ {[%emt 0:00:10]} 36. Ke3 {[%emt 0:01:06]} Rb2 {
[%emt 0:00:49]} 37. Rh1 {[%emt 0:00:30]} Rxb3+ {[%emt 0:00:03]} 38. Ke2 {
[%emt 0:00:13]} Rb2+ {[%emt 0:00:25]} 39. Rd2 {[%emt 0:01:42]} Nxa4 {[%emt 0:
01:30]} 40. Rh7+ {[%emt 0:00:07]} Ke6 {[%emt 0:00:05]} 41. Nd4+ {[%emt 0:00:50]
} Kd6 {[%emt 0:00:02]} 42. Rxb2 {[%emt 0:00:03]} Nxb2 {[%emt 0:00:07]} 43. Rg7
{[%emt 0:00:02]} Re8 {[%emt 0:01:56]} 44. Rxg6+ {[%emt 0:00:06]} Kc5 {[%emt 0:
00:01]} 45. Nxf5 {[%emt 0:00:13]} d4 {[%emt 0:00:07]} 46. Ra6 {[%emt 0:00:21]}
d3+ {[%emt 0:00:08]} 47. Kd2 {[%emt 0:00:19]} Nc4+ {[%emt 0:00:04]} 48. Kc3 {
[%emt 0:00:03]} d2 {[%emt 0:00:14]} 49. Ne3 {[%emt 0:02:26]} Nxe3 {[%emt 0:00:
10]} 50. Kxd2 {[%emt 0:00:02]} Nc4+ {[%emt 0:00:06]} 51. Ke2 {[%emt 0:00:02]}
Rf8 {[%emt 0:00:35]} 0-1

[Event "European Rapid Championship 2021"]
[Site "Katowice"]
[Date "2021.12.18"]
[Round "2.11"]
[White "Kosakowski, Jakub"]
[Black "Rog, Bartlomiej"]
[Result "1/2-1/2"]
[WhiteElo "2438"]
[BlackElo "1859"]
[Annotator "ChessBase"]
[PlyCount "86"]
[EventDate "2021.12.18"]
[EventType "swiss"]
[EventCountry "POL"]
[SourceTitle "playchess.com"]
[Source "ChessBase"]
[SourceQuality "1"]
[TimeControl "900+10"]

1. e4 {[%emt 0:00:06]} c5 {[%emt 0:00:00]} 2. Nf3 {[%emt 0:00:02]} d6 {[%emt 0:
00:01]} 3. Bb5+ {[%emt 0:00:04]} Bd7 {[%emt 0:00:04]} 4. Bxd7+ {[%emt 0:00:04]}
Qxd7 {[%emt 0:00:01]} 5. c4 {[%emt 0:00:04]} e5 {[%emt 0:00:02]} 6. Nc3 {
[%emt 0:00:05]} g6 {[%emt 0:00:10]} 7. O-O {[%emt 0:00:04]} Bg7 {[%emt 0:00:02]
} 8. d3 {[%emt 0:00:03]} Ne7 {[%emt 0:00:09]} 9. a3 {[%emt 0:00:07]} Nbc6 {
[%emt 0:00:05]} 10. Rb1 {[%emt 0:00:03]} a5 {[%emt 0:01:20]} 11. Bg5 {[%emt 0:
01:56]} f5 {[%emt 0:02:08]} 12. Bxe7 {[%emt 0:00:28]} Nxe7 {[%emt 0:00:04]} 13.
b4 {[%emt 0:00:03]} axb4 {[%emt 0:00:32]} 14. axb4 {[%emt 0:00:02]} O-O {
[%emt 0:00:05]} 15. Nd5 {[%emt 0:00:21]} Nxd5 {[%emt 0:02:15]} 16. cxd5 {
[%emt 0:00:04]} Bh6 {[%emt 0:03:21]} 17. bxc5 {[%emt 0:00:17]} dxc5 {[%emt 0:
00:04]} 18. Qb3 {[%emt 0:00:52]} Qd6 {[%emt 0:02:21]} 19. Qc3 {[%emt 0:05:58]}
Ra4 {[%emt 0:01:44]} 20. Qxe5 {[%emt 0:00:56]} Qxe5 {[%emt 0:00:15]} 21. Nxe5 {
[%emt 0:00:02]} fxe4 {[%emt 0:00:01]} 22. dxe4 {[%emt 0:00:32]} Rxe4 {[%emt 0:
00:04]} 23. Nd7 {[%emt 0:00:02]} Rf7 {[%emt 0:01:37]} 24. Nxc5 {[%emt 0:00:17]}
Re2 {[%emt 0:00:01]} 25. Rxb7 {[%emt 0:02:24]} Rxb7 {[%emt 0:01:58]} 26. Nxb7 {
[%emt 0:00:02]} Rd2 {[%emt 0:00:00]} 27. d6 {[%emt 0:00:39]} Bf8 {[%emt 0:00:
01]} 28. Nc5 {[%emt 0:00:10]} Bxd6 {[%emt 0:00:26]} 29. Ne4 {[%emt 0:00:01]}
Rd4 {[%emt 0:00:01]} 30. Re1 {[%emt 0:00:04]} Bb4 {[%emt 0:00:11]} 31. Rc1 {
[%emt 0:03:05]} Rxe4 {[%emt 0:00:04]} 32. Kf1 {[%emt 0:00:01]} Kf7 {[%emt 0:00:
16]} 33. g3 {[%emt 0:00:02]} h5 {[%emt 0:00:14]} 34. h4 {[%emt 0:00:14]} Kf6 {
[%emt 0:00:23]} 35. Rc6+ {[%emt 0:00:02]} Kf5 {[%emt 0:00:07]} 36. Kg2 {
[%emt 0:00:10]} Re2 {[%emt 0:00:13]} 37. Rc4 {[%emt 0:00:09]} Bd2 {[%emt 0:00:
37]} 38. Rc2 {[%emt 0:00:26]} Ke4 {[%emt 0:00:05]} 39. Rc6 {[%emt 0:00:04]} Be3
{[%emt 0:00:21]} 40. Re6+ {[%emt 0:00:10]} Kd3 {[%emt 0:00:02]} 41. Rxe3+ {
[%emt 0:00:03]} Rxe3 {[%emt 0:00:01]} 42. fxe3 {[%emt 0:00:01]} Kxe3 {[%emt 0:
00:01]} 43. g4 {[%emt 0:00:01]} Kf4 {[%emt 0:00:08]} 1/2-1/2

[Event "European Rapid Championship 2021"]
[Site "Katowice"]
[Date "2021.12.18"]
[Round "2.11"]
[White "Agafonov, Yuri Dr"]
[Black "Durarbayli, Vasif"]
[Result "0-1"]
[WhiteElo "1938"]
[BlackElo "2532"]
[Annotator "TA"]
[PlyCount "110"]
[EventDate "2021.12.18"]
[EventType "swiss"]
[EventCountry "POL"]
[SourceTitle "playchess.com"]
[Source "ChessBase"]
[SourceQuality "1"]

{[%evp 9,110,0,9,0,5,-8,17,6,31,7,35,25,24,0,0,0,0,0,22,0,14,0,12,0,16,0,0,-1,
0,-16,-8,-35,0,-38,-29,-88,-91,-123,-128,-167,-150,-144,-118,-127,-130,-244,
-85,-88,-68,-68,-77,-68,-75,-75,-75,-81,-81,-118,0,0,0,0,0,0,0,-90,-100,-108,
-90,-100,-39,-58,-58,-61,-44,-48,-50,-47,-41,-38,-41,-53,-54,-171,-182,-396,
-396,-722,-708,-708,-720,-714,-702,-702,-689,-676,-668,-670,-669,-29971,-29972,
-29995,-29996]} 1. d4 Nf6 2. Nf3 e6 3. Bf4 Be7 4. e3 Nh5 5. Bg3 d6 6. Bd3 {
A46: 1 d4 Nf6 2 Nf3 e6: Torre, London and Colle Systems.} Nd7 {[#]} 7. c4 $146
({Predecessor:} 7. Nbd2 a5 8. c3 a4 9. a3 g6 10. Bb5 c6 11. Bxa4 b5 12. Bc2 O-O
13. Bd3 {0-1 (53) Demchenko,A (2641)-Dubov,D (2699) Chess.com INT 2020}) 7...
c5 8. Nc3 {The position is equal.} cxd4 9. exd4 (9. Nxd4 $5 {[%cal Rd1h5]} g6
10. Be2 Nxg3 11. hxg3 $11) 9... h6 10. Qe2 a6 11. Rd1 Ndf6 12. O-O O-O 13. Rfe1
Re8 14. a3 Bd7 {[%cal Bc8d7,Bd7c6,Bc6d5][%mdl 32]} 15. b4 Rc8 16. c5 Bc6 17.
Ne4 Nxg3 18. hxg3 Nd5 19. cxd6 Bxd6 20. Ne5 (20. Rc1 $5 {[%cal Rf3e5]}) 20...
Nf6 21. Nc5 Bd5 22. f3 (22. Ne4 $11) 22... a5 $17 23. Bb5 Re7 24. g4 axb4 25.
axb4 b6 26. Ncd3 Rec7 27. Qe3 (27. Ba6 $17 {might work better.} Ra8 28. Ra1)
27... Nh7 $2 (27... Bb3 $19 {is more deadly.} 28. Rd2 Nd5) 28. Rc1 Nf8 29. Rxc7
Rxc7 30. Rc1 Qc8 {And now ...f6 would win.} 31. Rxc7 Qxc7 32. Nf4 Ba2 $1 {
A strong pair of Bishops.} 33. Be8 {[#]} Bxe5 ({Better is} 33... f6 $1 $17 {
[%cal Rf6e5]} 34. Ned3 (34. Bf7+ $2 Kh8 $19) 34... Bc4) 34. dxe5 $11 Qe7 {
[%csl LRb4,LRe8]} 35. Qd2 Qxe8 36. Qxa2 Qb5 {[%csl LRb4,LRe5]} 37. Qd2 (37. Qb2
$11 {remains equal.}) 37... Qxe5 $17 38. Ne2 Qb5 39. Kf2 Ng6 (39... Qd7 $17 40.
Ke3 Qc7) 40. Qd6 Kh7 41. f4 Nh4 42. g3 Ng6 43. Ke3 Kg8 44. Nd4 Qa6 45. b5 Qa5
46. Qc7 {[#] Prevents Qc3+.} ({White should try} 46. Ke2 $15) 46... Qa3+ $1 $19
({Inferior is} 46... Qe1+ 47. Ne2 $17) 47. Ke4 $2 (47. Kf2) 47... Qxg3 48. Qxb6
$2 (48. Ne2 Qxg4 49. Ke3) 48... Qxf4+ 49. Kd3 Ne5+ 50. Kc3 Qe3+ 51. Kb4 Qd2+
52. Kb3 {aiming for Qb8+.} Qd3+ 53. Kb4 {Threatens to win with Qb8+.} Qc4+ 54.
Ka3 {Hoping for Qb8+.} Qc3+ 55. Nb3 Nc4+ {Weighted Error Value: White=0.48/
Black=0.13 (very precise)} 0-1

[Event "European Rapid Championship 2021"]
[Site "Katowice"]
[Date "2021.12.18"]
[Round "2.12"]
[White "Klekowski, Maciej"]
[Black "Malicka, Maria"]
[Result "1-0"]
[WhiteElo "2528"]
[BlackElo "1947"]
[Annotator "TA"]
[PlyCount "57"]
[EventDate "2021.12.18"]
[EventType "swiss"]
[EventCountry "POL"]
[SourceTitle "playchess.com"]
[Source "ChessBase"]
[SourceQuality "1"]

{[%evp 10,57,33,26,28,9,18,-2,-6,0,-13,-18,-14,-17,12,-12,59,54,53,58,71,61,76,
58,37,0,0,0,91,108,318,320,449,387,866,862,857,851,1303,590,1100,1130,1110,
1099,1037,770,731,618,29987,29988]} 1. c4 e5 2. Nc3 Nf6 3. g3 Nc6 4. Bg2 Bc5 5.
e3 d5 6. cxd5 Nb4 {A25: English Opening vs King's Indian with ...Nc6 but
without early d3.} 7. d3 {White wants to play Nf3.} Nbxd5 8. a3 {Inhibits Nb4.}
O-O {The position is equal.} 9. Nge2 c6 10. O-O Qe7 {[#]} 11. Qc2 $146 ({
Predecessor:} 11. Nxd5 Nxd5 12. d4 exd4 13. Nxd4 Rd8 14. e4 Nc7 15. Nxc6 bxc6
16. Qh5 Ba6 17. Re1 {1-0 (43) Julia Yebra,D (1808)-Han,X (1486) Barcelona 2018}
) 11... Be6 12. b4 {[#] Nxd5 is the strong threat.} Bb6 (12... Bd6 $11) 13. Na4
$14 Rfd8 14. e4 Nc7 15. Bb2 Nd7 16. Nxb6 axb6 17. f4 f6 18. d4 {[%cal Rf4e5]}
exf4 (18... b5 $1 $11) 19. gxf4 $16 {[%cal Od4d5]} f5 $2 {Loses the game.} (
19... Rac8 $16 {keeps fighting.}) 20. d5 $1 $18 Bf7 (20... cxd5 $142 21. Qxc7
dxe4) 21. Ng3 {[%cal Be2g3,Bg3f5,Bf5d6][%mdl 32]} ({Not} 21. dxc6 bxc6 22. Nd4
(22. Qxc6 Nf6 $16) 22... Qf8 23. Nxc6 Rdc8 $18) 21... fxe4 (21... Bg6 22. Rae1
Qf8 23. dxc6 bxc6 24. Qxc6 Rac8) 22. Nf5 Qf8 23. Bxg7 Qe8 24. dxc6 (24. Qc3
$142 {[%cal Rf5h6]} h5 25. Bh6) 24... bxc6 25. Qc3 {[%cal Rf5h6]} h5 26. Bh6 {
[%csl Gf5,Gh6][%cal Rc3g7] A strong pair of Bishops.} Ne6 {To avoid Qg7+} 27.
Nd6 Qe7 {[#]} 28. f5 $1 Nd4 {White must now prevent ...Ne2+.} (28... Qf6 29.
Qxf6) 29. Qg3+ {Weighted Error Value: White=0.38/Black=0.85} 1-0

[Event "European Rapid Championship 2021"]
[Site "Katowice"]
[Date "2021.12.18"]
[Round "2.12"]
[White "Skurniak, Szymon"]
[Black "Kowalski, Igor"]
[Result "1/2-1/2"]
[WhiteElo "1851"]
[BlackElo "2295"]
[Annotator "ChessBase"]
[PlyCount "88"]
[EventDate "2021.12.18"]
[EventType "swiss"]
[EventCountry "POL"]
[SourceTitle "playchess.com"]
[Source "ChessBase"]
[SourceQuality "1"]
[TimeControl "900+10"]

1. e4 {[%emt 0:00:05]} g6 {[%emt 0:00:01]} 2. d4 {[%emt 0:00:05]} Bg7 {[%emt 0:
00:02]} 3. Nc3 {[%emt 0:00:02]} d6 {[%emt 0:00:02]} 4. Be3 {[%emt 0:00:05]} a6
{[%emt 0:00:02]} 5. g4 {[%emt 0:00:03]} b5 {[%emt 0:00:02]} 6. Bg2 {[%emt 0:00:
45]} Bb7 {[%emt 0:00:01]} 7. h4 {[%emt 0:00:02]} b4 {[%emt 0:00:57]} 8. Nce2 {
[%emt 0:00:01]} Nf6 {[%emt 0:00:17]} 9. Ng3 {[%emt 0:00:01]} h5 {[%emt 0:00:08]
} 10. gxh5 {[%emt 0:00:26]} Nxh5 {[%emt 0:00:02]} 11. Nxh5 {[%emt 0:00:48]}
Rxh5 {[%emt 0:00:11]} 12. Bf3 {[%emt 0:00:01]} Rh8 {[%emt 0:00:02]} 13. h5 {
[%emt 0:00:16]} gxh5 {[%emt 0:00:25]} 14. Rxh5 {[%emt 0:00:32]} Nd7 {[%emt 0:
00:37]} 15. e5 {[%emt 0:06:30]} Bxf3 {[%emt 0:02:53]} 16. Qxf3 {[%emt 0:01:07]}
Rxh5 {[%emt 0:03:11]} 17. Qxh5 {[%emt 0:00:01]} dxe5 {[%emt 0:00:02]} 18. Qg5 {
[%emt 0:02:34]} Kf8 {[%emt 0:00:12]} 19. O-O-O {[%emt 0:00:28]} e6 {[%emt 0:00:
06]} 20. Qxd8+ {[%emt 0:01:00]} Rxd8 {[%emt 0:00:02]} 21. dxe5 {[%emt 0:00:01]}
Bxe5 {[%emt 0:01:04]} 22. Bc5+ {[%emt 0:00:01]} Ke8 {[%emt 0:00:01]} 23. Bxb4 {
[%emt 0:00:01]} Rb8 {[%emt 0:00:01]} 24. Ba3 {[%emt 0:00:06]} Nb6 {[%emt 0:00:
14]} 25. b3 {[%emt 0:00:27]} Nd5 {[%emt 0:01:31]} 26. Ne2 {[%emt 0:00:07]} f5 {
[%emt 0:01:23]} 27. c4 {[%emt 0:00:09]} Ne7 {[%emt 0:02:07]} 28. f4 {[%emt 0:
01:40]} Bf6 {[%emt 0:00:07]} 29. Nd4 {[%emt 0:00:26]} Bxd4 {[%emt 0:03:20]} 30.
Rxd4 Ng6 {[%emt 0:00:07]} 31. Kd2 {[%emt 0:00:05]} Rd8 {[%emt 0:00:04]} 32.
Rxd8+ {[%emt 0:00:02]} Kxd8 {[%emt 0:00:01]} 33. Ke3 {[%emt 0:00:02]} Kd7 {
[%emt 0:00:03]} 34. Bb2 {[%emt 0:00:23]} c5 {[%emt 0:00:06]} 35. a3 {[%emt 0:
00:12]} Kc6 {[%emt 0:00:11]} 36. Bf6 {[%emt 0:00:11]} Kd6 {[%emt 0:00:29]} 37.
b4 {[%emt 0:00:33]} Kc6 {[%emt 0:00:15]} 38. Bc3 {[%emt 0:00:30]} Nh4 {[%emt 0:
00:27]} 39. Be5 {[%emt 0:00:18]} Ng2+ {[%emt 0:00:20]} 40. Kf2 {[%emt 0:00:01]}
Nh4 {[%emt 0:00:00]} 41. Ke3 {[%emt 0:00:01]} Ng6 {[%emt 0:00:01]} 42. Bf6 {
[%emt 0:00:16]} Kb6 {[%emt 0:00:37]} 43. Bd8+ {[%emt 0:00:05]} Kc6 {[%emt 0:00:
01]} 44. Bf6 {[%emt 0:00:48]} Kd6 {[%emt 0:00:00]} 1/2-1/2

[Event "European Rapid Championship 2021"]
[Site "Katowice"]
[Date "2021.12.18"]
[Round "2.13"]
[White "Malczyk, Radoslaw"]
[Black "Tazbir, Marcin"]
[Result "0-1"]
[WhiteElo "1926"]
[BlackElo "2514"]
[Annotator "ChessBase"]
[PlyCount "92"]
[EventDate "2021.12.18"]
[EventType "swiss"]
[EventCountry "POL"]
[SourceTitle "playchess.com"]
[Source "ChessBase"]
[SourceQuality "1"]
[TimeControl "900+10"]

1. d4 {[%emt 0:00:04]} d5 {[%emt 0:00:02]} 2. c4 {[%emt 0:00:08]} dxc4 {
[%emt 0:00:01]} 3. e3 {[%emt 0:00:01]} Nf6 {[%emt 0:00:02]} 4. Bxc4 {[%emt 0:
00:03]} a6 {[%emt 0:00:01]} 5. Nf3 {[%emt 0:00:10]} b5 {[%emt 0:00:02]} 6. Be2
{[%emt 0:00:04]} Bb7 {[%emt 0:00:01]} 7. O-O {[%emt 0:00:03]} Nbd7 {[%emt 0:00:
02]} 8. a4 {[%emt 0:00:06]} Qb8 {[%emt 0:00:12]} 9. axb5 {[%emt 0:00:33]} axb5
{[%emt 0:00:01]} 10. Rxa8 {[%emt 0:00:03]} Bxa8 {[%emt 0:00:01]} 11. Qb3 {
[%emt 0:00:15]} b4 {[%emt 0:00:04]} 12. Ne5 {[%emt 0:01:07]} e6 {[%emt 0:00:52]
} 13. Nxd7 {[%emt 0:00:30]} Nxd7 {[%emt 0:00:02]} 14. Qa4 {[%emt 0:00:28]} Bd6
{[%emt 0:00:22]} 15. Nd2 {[%emt 0:00:19]} Ke7 {[%emt 0:00:03]} 16. Nc4 {
[%emt 0:00:12]} Nb6 {[%emt 0:00:01]} 17. Qc2 {[%emt 0:03:11]} Nxc4 {[%emt 0:00:
02]} 18. Bxc4 {[%emt 0:00:01]} c5 {[%emt 0:02:29]} 19. dxc5 {[%emt 0:00:28]}
Bxh2+ {[%emt 0:00:11]} 20. Kh1 {[%emt 0:00:02]} Qe5 {[%emt 0:00:46]} 21. f4 {
[%emt 0:00:50]} Qh5 {[%emt 0:00:03]} 22. Qd1 {[%emt 0:01:11]} Qxd1 {[%emt 0:03:
14]} 23. Rxd1 {[%emt 0:00:02]} Bg3 {[%emt 0:00:01]} 24. Bd2 {[%emt 0:00:16]}
Rd8 {[%emt 0:00:15]} 25. Be2 {[%emt 0:00:02]} b3 {[%emt 0:00:42]} 26. Bc3 {
[%emt 0:00:24]} f6 {[%emt 0:00:17]} 27. Ra1 {[%emt 0:00:20]} e5 {[%emt 0:02:00]
} 28. Ra7+ {[%emt 0:01:34]} Ke6 {[%emt 0:00:04]} 29. Bc4+ {[%emt 0:00:11]} Kf5
{[%emt 0:01:05]} 30. Bxb3 {[%emt 0:00:07]} exf4 {[%emt 0:00:15]} 31. exf4 {
[%emt 0:00:04]} Bxf4 {[%emt 0:00:15]} 32. Rxg7 {[%emt 0:00:08]} Be4 {[%emt 0:
00:14]} 33. Kg1 {[%emt 0:03:25]} Be3+ {[%emt 0:00:02]} 34. Kh2 {[%emt 0:00:01]}
Bxc5 {[%emt 0:00:24]} 35. Rxh7 {[%emt 0:01:05]} Kg6 {[%emt 0:00:53]} 36. Rh3 {
[%emt 0:01:05]} Ra8 {[%emt 0:00:18]} 37. Be1 {[%emt 0:01:22]} Ra1 {[%emt 0:00:
06]} 38. Bg3 {[%emt 0:00:25]} Rg1 {[%emt 0:00:58]} 39. Rh4 {[%emt 0:00:16]} f5
{[%emt 0:00:00]} 40. Bf4 {[%emt 0:00:45]} Rxg2+ {[%emt 0:00:09]} 41. Kh3 {
[%emt 0:00:01]} Rf2 {[%emt 0:00:34]} 42. Bd1 {[%emt 0:00:07]} Rf1 {[%emt 0:00:
09]} 43. Bh5+ {[%emt 0:00:02]} Kf6 {[%emt 0:00:01]} 44. Bd2 {[%emt 0:00:35]}
Rh1+ {[%emt 0:00:29]} 45. Kg3 {[%emt 0:00:01]} Bd6+ {[%emt 0:00:00]} 46. Bf4 {
[%emt 0:00:05]} Bxf4+ {[%emt 0:00:08]} 0-1

[Event "European Rapid Championship 2021"]
[Site "Katowice"]
[Date "2021.12.18"]
[Round "2.13"]
[White "Paczka, Patryk"]
[Black "Lubczynski, Rafal"]
[Result "1/2-1/2"]
[WhiteElo "1851"]
[BlackElo "2289"]
[Annotator "ChessBase"]
[PlyCount "83"]
[EventDate "2021.12.18"]
[EventType "swiss"]
[EventCountry "POL"]
[SourceTitle "playchess.com"]
[Source "ChessBase"]
[SourceQuality "1"]
[TimeControl "900+10"]

1. e4 {[%emt 0:00:04]} d6 {[%emt 0:00:01]} 2. d4 {[%emt 0:00:03]} Nf6 {[%emt 0:
00:01]} 3. Nc3 {[%emt 0:00:03]} e5 {[%emt 0:00:01]} 4. dxe5 {[%emt 0:00:03]}
dxe5 {[%emt 0:00:01]} 5. Qxd8+ {[%emt 0:00:03]} Kxd8 {[%emt 0:00:01]} 6. Bc4 {
[%emt 0:00:03]} Be6 {[%emt 0:00:01]} 7. Bxe6 {[%emt 0:00:02]} fxe6 {[%emt 0:00:
01]} 8. f3 {[%emt 0:00:04]} Bd6 {[%emt 0:00:03]} 9. Be3 {[%emt 0:00:05]} Ke7 {
[%emt 0:00:01]} 10. O-O-O {[%emt 0:00:07]} Nc6 {[%emt 0:00:01]} 11. Nge2 {
[%emt 0:00:17]} Rhb8 {[%emt 0:00:02]} 12. Nb5 {[%emt 0:00:53]} a6 {[%emt 0:00:
05]} 13. Nxd6 {[%emt 0:00:03]} cxd6 {[%emt 0:00:02]} 14. Rd2 {[%emt 0:00:27]}
h6 {[%emt 0:01:21]} 15. Bb6 {[%emt 0:02:41]} Rc8 {[%emt 0:01:21]} 16. Nc3 {
[%emt 0:01:34]} Nd7 {[%emt 0:02:40]} 17. Na4 {[%emt 0:02:44]} Nd8 {[%emt 0:00:
17]} 18. Rhd1 {[%emt 0:01:45]} Nf7 {[%emt 0:00:15]} 19. Be3 {[%emt 0:00:53]}
Rc6 {[%emt 0:00:05]} 20. Kb1 {[%emt 0:00:04]} b5 {[%emt 0:00:26]} 21. Nc3 {
[%emt 0:00:01]} Rb8 {[%emt 0:00:01]} 22. Ne2 {[%emt 0:00:13]} a5 {[%emt 0:00:
11]} 23. g3 {[%emt 0:00:03]} b4 {[%emt 0:00:25]} 24. Rc1 {[%emt 0:00:13]} Nf6 {
[%emt 0:03:12]} 25. c4 {[%emt 0:00:13]} b3 {[%emt 0:00:11]} 26. Rc3 {[%emt 0:
01:43]} bxa2+ {[%emt 0:01:23]} 27. Kxa2 {[%emt 0:00:02]} a4 {[%emt 0:00:02]}
28. Rdc2 {[%emt 0:01:08]} g5 {[%emt 0:01:41]} 29. Ra3 {[%emt 0:00:17]} Rb4 {
[%emt 0:00:19]} 30. c5 {[%emt 0:01:35]} d5 {[%emt 0:00:01]} 31. Bd2 {[%emt 0:
00:06]} Rb7 {[%emt 0:01:23]} 32. Rxa4 {[%emt 0:00:07]} g4 {[%emt 0:00:01]} 33.
exd5 {[%emt 0:00:14]} exd5 {[%emt 0:00:07]} 34. fxg4 {[%emt 0:00:21]} d4 {
[%emt 0:00:02]} 35. Nxd4 {[%emt 0:00:36]} exd4 {[%emt 0:00:06]} 36. Rxd4 {
[%emt 0:00:01]} Ra6+ {[%emt 0:04:53]} 37. Kb1 {[%emt 0:00:05]} Ne5 {[%emt 0:00:
10]} 38. b4 {[%emt 0:01:30]} Nc6 {[%emt 0:00:19]} 39. Rdc4 {[%emt 0:00:18]} Ne5
{[%emt 0:00:02]} 40. Rd4 {[%emt 0:00:04]} Nc6 {[%emt 0:00:05]} 41. Rdc4 {
[%emt 0:00:01]} Ne5 {[%emt 0:00:05]} 42. Rd4 {[%emt 0:00:02]} 1/2-1/2